Największe państwo według języka - Statystyki

Ogólne statystyki
  • Ten quiz został rozwiązany 38 razy
  • Średni wynik to 7 z 9
Statystyki odpowiedzi
Język Największe państwo % Poprawnych
Niemiecki (nie wliczając Niemiec) Austria
94%
Portugalski Brazylia
94%
Rosyjski (nie wliczając Rosji) Kazachstan
91%
Hiszpański Argentyna
85%
Angielski Kanada
79%
Arabski Algieria
74%
Chiński (nie wliczając Chin) Tajwan
68%
Francuski Kanada
62%
Perski (nie wliczając Iranu) Afganistan
56%
Nie znaleziono quizów pasujących do podanych kryteriów
Rozkład punktacji
Procent ludzi z każdym wynikiem
Percentyl według liczby udzielonych odpowiedzi
Twoja historia wyników
Nie rozwiązałeś tego quizu